000
00324nam a2200133Ia 4500
005
20251222143154.0
008
251222s9999||||xx |||||||||||||| ||spa||
020
_a
9972-9689-3-6
082
_a
922.7/S42
100
_a
Serres, Michel
245
0
_a
Francés y Modernidad:
264
_b
Alianza Francesa de Lima
942
_c
LIB
999
_c
12813
_d
12813